[Event "26th EUR-ch"]
[Site "Katowice POL"]
[Date "2026.04.07"]
[Round "1.1"]
[White "Kovalenko, Igor"]
[Black "Paikens, Reinis"]
[Result "1-0"]
[WhiteElo "2685"]
[BlackElo "2302"]
[EventDate "2026.04.07"]
[PlyCount "57"]

1.d4 Nf6 2.Nf3 e6 3.g3 b5 4.Bg2 Bb7 5.O-O c5 6.c3 Be7 7.Bg5 Na6 8.Nbd2 O-O
9.e3 Ne8 10.Bxe7 Qxe7 11.Qe2 Nac7 12.e4 Nd6 13.dxc5 Nc4 14.b4 d6 15.Nxc4 
bxc4 16.cxd6 Qxd6 17.Rfd1 Qa6 18.a4 Rad8 19.Ne5 Rd6 20.Nd7 Rxd1+ 21.Qxd1 
Rc8 22.Qd4 Nb5 23.Qe5 Nc7 24.Nc5 Qc6 25.Rd1 Ne8 26.Rd7 Ba8 27.Qh5 Nd6 28.
Qg5 Re8 29.Rxa7 1-0

[Event "26th EUR-ch"]
[Site "Katowice POL"]
[Date "2026.04.07"]
[Round "1.2"]
[White "Balaji, Aaravamudhan"]
[Black "Anton Guijarro, David"]
[Result "0-1"]
[WhiteElo "2301"]
[BlackElo "2656"]
[EventDate "2026.04.07"]
[PlyCount "78"]

1.d4 Nf6 2.c4 e6 3.Nc3 Bb4 4.e3 O-O 5.Bd3 Re8 6.Ne2 d5 7.O-O Nbd7 8.Qc2 
dxc4 9.Bxc4 a6 10.Rd1 b5 11.Bd3 Bb7 12.a3 Bf8 13.Ng3 g6 14.Nce4 Nxe4 15.
Bxe4 Bd5 16.Bd2 Nb6 17.Rac1 Bd6 18.Bd3 f5 19.e4 Bc4 20.e5 Bxd3 21.Qxd3 
Bxe5 22.Bh6 Bf6 23.Ne2 Qd7 24.Bf4 Rac8 25.Qg3 Qe7 26.Rc6 Qd7 27.Rdc1 Nc4 
28.Rxa6 c5 29.d5 Qxd5 30.a4 Bxb2 31.Re1 b4 32.Qb3 Bg7 33.Ra7 Ra8 34.Rc7 
Rec8 35.h4 Rxc7 36.Bxc7 Nb2 37.Qg3 Qd2 38.Kf1 Nd3 39.Rb1 Qc2 0-1

[Event "26th EUR-ch"]
[Site "Katowice POL"]
[Date "2026.04.07"]
[Round "1.3"]
[White "Deac, Bogdan-Daniel"]
[Black "Piddubna, Bozhena"]
[Result "1-0"]
[WhiteElo "2655"]
[BlackElo "2301"]
[EventDate "2026.04.07"]
[PlyCount "91"]

1.c4 Nf6 2.g3 e5 3.Bg2 c6 4.Nf3 e4 5.Nd4 Qb6 6.e3 d5 7.Nc3 Be7 8.d3 Bg4 9.
Qb3 Qxb3 10.axb3 Bb4 11.cxd5 cxd5 12.Bd2 Na6 13.dxe4 Bxc3 14.Bxc3 Nxe4 15.
Ra5 O-O-O 16.f3 Nxc3 17.bxc3 Bh5 18.Kd2 Nc7 19.Rxa7 Kb8 20.Rha1 Bg6 21.b4 
Ne6 22.Nb3 Kc7 23.h4 f5 24.R1a6 Bf7 25.Na5 Rb8 26.Rc6+ Kd7 27.Rb6 Nd8 28.
c4 dxc4 29.f4 Re8 30.Nxb7 Nxb7 31.Rbxb7+ Rxb7 32.Rxb7+ Ke6 33.Rc7 Rd8+ 34.
Kc1 Rd3 35.Bf1 Rxe3 36.Kd2 Re4 37.Rxc4 Kd5 38.Rc7 Ke6 39.b5 Bh5 40.Rxg7 
Ra4 41.Rxh7 Bf3 42.Bd3 Ra2+ 43.Ke3 Bd5 44.Rh6+ Ke7 45.Bxf5 Ra3+ 46.Kd4 1-0

[Event "26th EUR-ch"]
[Site "Katowice POL"]
[Date "2026.04.07"]
[Round "1.4"]
[White "Noy, Eyal"]
[Black "Suleymanli, Aydin"]
[Result "0-1"]
[WhiteElo "2300"]
[BlackElo "2653"]
[EventDate "2026.04.07"]
[PlyCount "90"]

1.d4 Nf6 2.c4 e6 3.Nf3 d5 4.g3 Bb4+ 5.Bd2 Be7 6.Bg2 O-O 7.O-O Nbd7 8.Qc2 
c6 9.Rd1 a5 10.Bf4 a4 11.Ne5 Qa5 12.Nd2 Nxe5 13.Bxe5 Bd7 14.e4 Rfc8 15.
Rac1 h6 16.Qd3 Qb4 17.Rc2 Ng4 18.Nf3 dxc4 19.Qxc4 Qxc4 20.Rxc4 c5 21.Rcc1 
Bb5 22.Bf4 g5 23.Bd2 Nf6 24.e5 Nd5 25.dxc5 Bxc5 26.Bf1 Bxf1 27.Kxf1 g4 28.
Ne1 Bd4 29.Nd3 Kg7 30.Ke2 b5 31.h3 gxh3 32.a3 Rxc1 33.Rxc1 b4 34.axb4 a3 
35.bxa3 Rxa3 36.Rh1 Ra2 37.Nc1 Rb2 38.Nd3 Nc3+ 39.Ke1 Rb1+ 40.Nc1 Ne4 41.
Rxh3 Bc3 42.Ke2 Bxd2 43.Nd3 Bg5 44.f4 Be7 45.Kf3 Nc3 0-1

[Event "26th EUR-ch"]
[Site "Katowice POL"]
[Date "2026.04.07"]
[Round "1.5"]
[White "Sargsian, Shant"]
[Black "Zlatkov, Anton"]
[Result "1-0"]
[WhiteElo "2647"]
[BlackElo "2299"]
[EventDate "2026.04.07"]
[PlyCount "89"]

1.e4 c5 2.Nf3 Nc6 3.Nc3 e6 4.h3 a6 5.d4 cxd4 6.Nxd4 Qc7 7.Nxc6 bxc6 8.Bd3 
d5 9.O-O Nf6 10.Re1 Bb7 11.Qd2 Be7 12.Qg5 g6 13.Bf4 Qd8 14.Qe5 O-O 15.Bg5 
Nd7 16.Bxe7 Qxe7 17.Qc7 Rab8 18.Na4 Rfc8 19.Qf4 c5 20.exd5 Bxd5 21.Nc3 Bb7
22.Rad1 Qf6 23.Qd6 c4 24.Be4 Nc5 25.Bxb7 Nxb7 26.Qxa6 Qf5 27.Re2 Nc5 28.
Qxc4 Rxb2 29.Ne4 Qf4 30.g3 Qb8 31.Nf6+ Kg7 32.Qd4 e5 33.Rxe5 Rb4 34.Qa1 
Rb2 35.Rxc5 Rxc5 36.Nd7 Rxc2 37.Nxb8 Rxf2 38.Rd8 Rg2+ 39.Kf1 Rf2+ 40.Ke1 
Rh2 41.Qxb2+ Rxb2 42.a4 Rb1+ 43.Kd2 Ra1 44.Rd4 Ra3 45.Nc6 1-0

[Event "26th EUR-ch"]
[Site "Katowice POL"]
[Date "2026.04.07"]
[Round "1.6"]
[White "Musial, Igor"]
[Black "Gumularz, Szymon"]
[Result "0-1"]
[WhiteElo "2270"]
[BlackElo "2590"]
[EventDate "2026.04.07"]
[PlyCount "60"]

1.e4 e6 2.d4 d5 3.Nc3 Nf6 4.e5 Nfd7 5.f4 c5 6.Nf3 Nc6 7.Be3 Rb8 8.Be2 cxd4
9.Nxd4 Bc5 10.Qd2 O-O 11.O-O-O Bxd4 12.Bxd4 Qa5 13.Kb1 b5 14.Bf1 b4 15.Ne2
Ba6 16.Nc1 Nxd4 17.Qxd4 Bxf1 18.Rhxf1 Rfc8 19.Rd2 Nc5 20.Re2 Ne4 21.Nb3 
Qc7 22.Rc1 a5 23.Nd2 Nc3+ 24.bxc3 bxc3+ 25.Nb3 Qe7 26.Qa4 Ra8 27.Ka1 Rc4 
28.Qb5 Qa3 29.Rb1 Ra4 30.Nc1 Rb4 0-1

[Event "26th EUR-ch"]
[Site "Katowice POL"]
[Date "2026.04.07"]
[Round "1.7"]
[White "Azoulay, Yehonatan"]
[Black "Navara, David"]
[Result "1/2-1/2"]
[WhiteElo "2298"]
[BlackElo "2643"]
[EventDate "2026.04.07"]
[PlyCount "69"]

1.e4 c6 2.d4 d5 3.e5 c5 4.Nf3 cxd4 5.Nxd4 Nc6 6.c4 e6 7.Nc3 Bc5 8.Nxc6 
bxc6 9.cxd5 cxd5 10.Bd3 Ne7 11.O-O Ng6 12.Qh5 Qh4 13.Qxh4 Nxh4 14.Bf4 Ng6 
15.Bg3 Bd7 16.Rac1 Bb6 17.Ne2 Ke7 18.Kh1 Rhc8 19.f4 Rxc1 20.Rxc1 a6 21.a3 
Ke8 22.Rf1 Ne7 23.Bf2 Bxf2 24.Rxf2 Bb5 25.Bxb5+ axb5 26.Nd4 b4 27.Rf3 Ra4 
28.Nb5 bxa3 29.Rxa3 Rxf4 30.Nd6+ Kd8 31.Ra8+ Kd7 32.Ra7+ Kd8 33.Ra8+ Kc7 
34.Ra7+ Kd8 35.Ra8+ 1/2-1/2

[Event "26th EUR-ch"]
[Site "Katowice POL"]
[Date "2026.04.07"]
[Round "1.8"]
[White "Donchenko, Alexander"]
[Black "Heimisson, Hilmir Freyr"]
[Result "1-0"]
[WhiteElo "2642"]
[BlackElo "2297"]
[EventDate "2026.04.07"]
[PlyCount "79"]

1.d4 Nf6 2.c4 e6 3.Nf3 d5 4.Nc3 c6 5.e3 Nbd7 6.Qc2 Be7 7.b3 O-O 8.Bd3 b6 
9.O-O Bb7 10.Bb2 h6 11.Rad1 Qc7 12.Qe2 Rad8 13.Bb1 Rfe8 14.h3 a6 15.Qc2 c5
16.cxd5 exd5 17.dxc5 Nxc5 18.Nd4 Bd6 19.Nf5 Ne6 20.Ne2 Bh2+ 21.Kh1 Be5 22.
Qxc7 Nxc7 23.Bxe5 Rxe5 24.Rc1 Rd7 25.Rfd1 Kf8 26.Nc3 g6 27.Nd4 Rde7 28.Na4
b5 29.Nc5 Ba8 30.Nd3 Rg5 31.g4 Nxg4 32.hxg4 Rxg4 33.Rg1 Rh4+ 34.Kg2 Bb7 
35.Kg3 Rh5 36.Nf4 Rg5+ 37.Kh2 Ne8 38.Bxg6 Nf6 39.Bf5 Re5 40.Rc7 1-0

[Event "26th EUR-ch"]
[Site "Katowice POL"]
[Date "2026.04.07"]
[Round "1.9"]
[White "Bendayan Claros, Aaron"]
[Black "Demchenko, Anton"]
[Result "0-1"]
[WhiteElo "2296"]
[BlackElo "2636"]
[EventDate "2026.04.07"]
[PlyCount "116"]

1.d4 Nf6 2.Nf3 g6 3.Nbd2 Bg7 4.e4 O-O 5.Bd3 c5 6.c3 cxd4 7.cxd4 d6 8.h3 
Nc6 9.O-O a5 10.a4 Nb4 11.Bb1 b6 12.Re1 Bb7 13.Ra3 Re8 14.Rc3 Rb8 15.b3 e5
16.dxe5 dxe5 17.Qe2 Ba6 18.Nc4 Nh5 19.Rd1 Qe7 20.g3 Rec8 21.Be3 Rc6 22.
Rdc1 Rbc8 23.Kh2 Bf6 24.Qd2 Bxc4 25.bxc4 Ng7 26.c5 bxc5 27.Ba2 Nxa2 28.
Qxa2 Ne6 29.Nd2 Nd4 30.Nc4 Ra6 31.Rb1 Qe6 32.Qa3 h5 33.Rb2 h4 34.g4 Qc6 
35.Nd2 Be7 36.Qa2 Raa8 37.Rc1 Rab8 38.Rc4 Qe6 39.Kg2 Kg7 40.Qb1 Bd6 41.Rc1
Rb4 42.Rxb4 axb4 43.Qd3 Ra8 44.Ra1 Be7 45.Nc4 Qa6 46.Bxd4 exd4 47.e5 Rb8 
48.Qb3 Rd8 49.Rd1 d3 50.Rxd3 Rxd3 51.Qxd3 Qxa4 52.Qd5 b3 53.Nd6 Qf4 54.
Qxb3 Bxd6 55.exd6 Qxd6 56.Qc3+ Kg8 57.Qc4 Qe5 58.f4 Qe3 0-1

[Event "26th EUR-ch"]
[Site "Katowice POL"]
[Date "2026.04.07"]
[Round "1.10"]
[White "Gurel, Ediz"]
[Black "Nakonechnyi, Oleksii"]
[Result "1-0"]
[WhiteElo "2635"]
[BlackElo "2296"]
[EventDate "2026.04.07"]
[PlyCount "61"]

1.e4 c5 2.Nf3 Nc6 3.Bb5 g6 4.Bxc6 dxc6 5.d3 Bg7 6.h3 e5 7.a4 Qe7 8.a5 f6 
9.Nc3 Be6 10.Be3 Bh6 11.Qd2 Bxe3 12.Qxe3 Rb8 13.O-O Kf7 14.Na4 b6 15.axb6 
axb6 16.b4 cxb4 17.Nxb6 c5 18.Na4 Rb5 19.c3 c4 20.d4 b3 21.dxe5 b2 22.Nxb2
Rxb2 23.Ra7 Rb7 24.exf6 Nxf6 25.Ng5+ Kg8 26.Rxb7 Qxb7 27.Nxe6 Qxe4 28.Qb6 
Ne8 29.Rd1 Qe5 30.Rd8 Kf7 31.Rd7+ 1-0

[Event "26th EUR-ch"]
[Site "Katowice POL"]
[Date "2026.04.07"]
[Round "1.11"]
[White "Sliwicka, Alicja"]
[Black "Martirosian, Haik"]
[Result "0-1"]
[WhiteElo "2293"]
[BlackElo "2633"]
[EventDate "2026.04.07"]
[PlyCount "104"]

1.e4 c6 2.d4 d5 3.e5 Bf5 4.h4 h5 5.c4 e6 6.Nc3 dxc4 7.Bxc4 Nd7 8.Nge2 Be7 
9.Ng3 Bg6 10.Be2 Qb6 11.Bf4 Nh6 12.Qd2 Rd8 13.Rd1 Nf5 14.Nxf5 Bxf5 15.g3 
Qb4 16.O-O Nb6 17.b3 Qa5 18.Qb2 Ba3 19.Qa1 Bb4 20.Bd2 Rxd4 21.Nb1 Rd7 22.
Bxb4 Qxb4 23.Rxd7 Nxd7 24.Bf3 g5 25.hxg5 h4 26.Qc3 Qxc3 27.Nxc3 hxg3 28.
fxg3 Rg8 29.Re1 Rxg5 30.b4 Bg6 31.b5 Nxe5 32.Bg2 cxb5 33.Nxb5 Nd3 34.Rb1 
Rxg3 35.Rb3 a6 36.Nd6+ Ke7 37.Nc8+ Kd8 38.Nd6 Kc7 39.Ne8+ Kd7 40.Nf6+ Ke7 
41.Ng8+ Kd6 42.Kh2 Rg5 43.Nf6 Nc5 44.Rb4 Bf5 45.Bf3 Ke5 46.Rc4 b6 47.Ne8 
Rg8 48.Nc7 Kd6 49.Na8 b5 50.Rc1 Be4 51.Bxe4 Nxe4 52.Nc7 Nc5 0-1

[Event "26th EUR-ch"]
[Site "Katowice POL"]
[Date "2026.04.07"]
[Round "1.12"]
[White "Bjerre, Jonas Buhl"]
[Black "Niezhentsev, Kyrylo"]
[Result "1-0"]
[WhiteElo "2623"]
[BlackElo "2293"]
[EventDate "2026.04.07"]
[PlyCount "73"]

1.e4 c5 2.Nf3 d6 3.d4 cxd4 4.Nxd4 Nf6 5.Nc3 a6 6.Bd3 e5 7.Nde2 Be7 8.O-O 
O-O 9.Ng3 Be6 10.Nd5 Nbd7 11.c4 Re8 12.Nxe7+ Qxe7 13.b3 Nc5 14.Bc2 b5 15.
cxb5 axb5 16.Bg5 Ra6 17.f4 Qa7 18.Kh1 exf4 19.Bxf6 fxg3 20.e5 gxf6 21.exf6
Nd7 22.Qh5 Nxf6 23.Rxf6 Kf8 24.Raf1 Rxa2 25.Qh6+ Ke7 26.Rxe6+ fxe6 27.Qg5+
Kd7 28.Rf7+ Kc6 29.Rxa7 Rxa7 30.hxg3 d5 31.Bd3 Rd7 32.Qc1+ Kb6 33.b4 Rc7 
34.Qa1 Rb8 35.Qe5 Ra8 36.Qxe6+ Rc6 37.Qe3+ 1-0

[Event "26th EUR-ch"]
[Site "Katowice POL"]
[Date "2026.04.07"]
[Round "1.13"]
[White "Durucay, Uygar"]
[Black "Hovhannisian, Robert"]
[Result "0-1"]
[WhiteElo "2286"]
[BlackElo "2621"]
[EventDate "2026.04.07"]
[PlyCount "120"]

1.d4 Nf6 2.Nf3 d5 3.Bf4 c5 4.e3 e6 5.Nbd2 Qb6 6.Rb1 Nbd7 7.c3 Bd6 8.Ne5 
Qc7 9.Ndf3 Ne4 10.Bd3 cxd4 11.cxd4 Qa5+ 12.Ke2 Nb6 13.Nd2 Nxd2 14.Qxd2 
Qxd2+ 15.Kxd2 f6 16.Nf3 Bxf4 17.exf4 Bd7 18.Rbc1 Rc8 19.b3 Ke7 20.h4 h5 
21.Bg6 Rxc1 22.Rxc1 Nc8 23.Bd3 Kd6 24.Nh2 Ne7 25.Nf3 Be8 26.g3 Bg6 27.Bxg6
Nxg6 28.Kd3 Ne7 29.a3 Nc6 30.Rg1 a5 31.Rc1 Ra8 32.Rg1 Ne7 33.Nd2 Nf5 34.
Rc1 a4 35.b4 Kd7 36.Nb1 Nd6 37.Nc3 Ke7 38.f5 Nxf5 39.Nb5 Rd8 40.Rc7+ Rd7 
41.Rc8 Kf7 42.Ra8 g5 43.hxg5 fxg5 44.Ke2 Kf6 45.Kf1 e5 46.dxe5+ Kxe5 47.
Rh8 h4 48.gxh4 gxh4 49.Nc3 b5 50.Nxb5 d4 51.Rh5 Kf4 52.Kg2 Kg4 53.Rh8 Rb7 
54.f3+ Kg5 55.Rg8+ Kf4 56.Nxd4 Nxd4 57.Rg4+ Ke3 58.Rxh4 Rg7+ 59.Kh3 Rg1 
60.Re4+ Kxf3 0-1

[Event "26th EUR-ch"]
[Site "Katowice POL"]
[Date "2026.04.07"]
[Round "1.14"]
[White "Ivanchuk, Vasyl"]
[Black "Ilko-Toth, Andras"]
[Result "1-0"]
[WhiteElo "2621"]
[BlackElo "2283"]
[EventDate "2026.04.07"]
[PlyCount "145"]

1.c4 e6 2.Nf3 d5 3.d4 a6 4.Bg5 Be7 5.Bxe7 Nxe7 6.Nbd2 O-O 7.g3 dxc4 8.Nxc4
b5 9.Nce5 Bb7 10.Bg2 Nd7 11.Nxd7 Qxd7 12.O-O Rfd8 13.Rc1 Be4 14.e3 Qd5 15.
Qe2 Rac8 16.b4 Nf5 17.Rc5 Qb7 18.Rfc1 Rd5 19.R5c3 Nd6 20.Bf1 Nc4 21.Nd2 
Nxd2 22.Qxd2 e5 23.Bh3 exd4 24.exd4 Rcd8 25.Rxc7 Qb6 26.R7c5 h6 27.Rxd5 
Bxd5 28.a3 Bc4 29.Rd1 Bb3 30.Re1 Rxd4 31.Qe3 Bc4 32.Bf5 g6 33.Qxh6 Qd8 34.
Bc2 Rd2 35.Be4 Re2 36.Qc1 Qd4 37.Rxe2 Bxe2 38.Bb7 Qf6 39.h4 Bc4 40.Qe3 Kg7
41.Kg2 Qd6 42.Kh2 Qf6 43.Qc5 Bf1 44.Kg1 Qa1 45.Qe3 Bc4+ 46.Kg2 Bf1+ 47.Kh2
Bc4 48.Bxa6 Bd5 49.g4 Qf6 50.g5 Qd6+ 51.Qg3 Qxa6 52.Qe5+ f6 53.Qxd5 fxg5 
54.hxg5 Qxa3 55.Qe5+ Kh7 56.Qe7+ Kg8 57.Qe6+ Kg7 58.Qf6+ Kh7 59.Qf7+ Kh8 
60.Qf8+ Kh7 61.Qh6+ Kg8 62.Qxg6+ Kh8 63.Qf6+ Kg8 64.Qe6+ Kg7 65.Qe5+ Kg8 
66.Qxb5 Qa7 67.Qe8+ Kg7 68.Qe5+ Kh7 69.Kg3 Qa3+ 70.f3 Qc1 71.Kg4 Qg1+ 72.
Kf5 Qb1+ 73.Qe4 1-0

[Event "26th EUR-ch"]
[Site "Katowice POL"]
[Date "2026.04.07"]
[Round "1.15"]
[White "Martirosyan, David"]
[Black "Lagarde, Maxime"]
[Result "1/2-1/2"]
[WhiteElo "2281"]
[BlackElo "2621"]
[EventDate "2026.04.07"]
[PlyCount "34"]

1.e4 e6 2.d4 d5 3.Nd2 h6 4.Ngf3 Nf6 5.e5 Nfd7 6.Bd3 c5 7.c3 Nc6 8.O-O g5 
9.h3 h5 10.c4 Nb6 11.dxc5 Bxc5 12.cxd5 exd5 13.Nb3 Be7 14.Nfd4 Nxe5 15.Re1
Nxd3 16.Qxd3 Kf8 17.Bd2 g4 1/2-1/2

[Event "26th EUR-ch"]
[Site "Katowice POL"]
[Date "2026.04.07"]
[Round "1.16"]
[White "Sargissian, Gabriel"]
[Black "Rekuc, Patryk"]
[Result "1-0"]
[WhiteElo "2618"]
[BlackElo "2280"]
[EventDate "2026.04.07"]
[PlyCount "75"]

1.d4 Nf6 2.c4 e6 3.Nf3 b6 4.g3 Bb7 5.Bg2 Bb4+ 6.Bd2 Be7 7.Nc3 O-O 8.O-O c6
9.e4 d5 10.cxd5 cxd5 11.e5 Ne4 12.Bf4 Nxc3 13.bxc3 Ba6 14.Re1 Nc6 15.h4 
Rc8 16.Nh2 Na5 17.Re3 Nc4 18.Rf3 b5 19.Bf1 Qa5 20.h5 Nb2 21.Qd2 Na4 22.h6 
g6 23.Bg5 Bxg5 24.Qxg5 Qd8 25.Qd2 Qa5 26.Rc1 Nb6 27.Ng4 Nd7 28.Rb1 Rb8 29.
Rb4 Rb7 30.Qf4 Qd8 31.a4 Rc7 32.axb5 Bb7 33.Ra4 Ba8 34.Ra6 Nb6 35.Qf6 Qxf6
36.Nxf6+ Kh8 37.Re3 Rfc8 38.Re1 1-0

[Event "26th EUR-ch"]
[Site "Katowice POL"]
[Date "2026.04.07"]
[Round "1.17"]
[White "Ribeiro, Gustavo"]
[Black "Indjic, Aleksandar"]
[Result "0-1"]
[WhiteElo "2280"]
[BlackElo "2616"]
[EventDate "2026.04.07"]
[PlyCount "76"]

1.e4 c5 2.Nf3 Nc6 3.c3 Nf6 4.e5 Nd5 5.d4 cxd4 6.Bc4 Nb6 7.Bb3 d5 8.exd6 
Qxd6 9.O-O Be6 10.Bxe6 Qxe6 11.cxd4 Qd6 12.Nc3 e6 13.Qb3 Be7 14.Rd1 Rd8 
15.Be3 Qb4 16.Ne5 Na5 17.Qxb4 Bxb4 18.d5 Bxc3 19.bxc3 Nxd5 20.Bxa7 Ra8 21.
Bc5 f6 22.Nf3 Nxc3 23.Rd6 Nb3 24.Rxe6+ Kd7 25.Re7+ Kd8 26.Re3 Nxa1 27.Rxc3
Kd7 28.Rd3+ Kc6 29.Be3 Rxa2 30.Nd4+ Kd5 31.Rd1 Rha8 32.g4 Ke4 33.Nb5 Nc2 
34.Nc3+ Kf3 35.Bc1 Kxg4 36.Rd7 Ra1 37.Rxg7+ Kf5 38.Ne2 Rxc1+ 0-1

[Event "26th EUR-ch"]
[Site "Katowice POL"]
[Date "2026.04.07"]
[Round "1.18"]
[White "Korobov, Anton"]
[Black "Varga, Csaba Zoltan"]
[Result "1-0"]
[WhiteElo "2610"]
[BlackElo "2280"]
[EventDate "2026.04.07"]
[PlyCount "97"]

1.c4 c6 2.Nf3 a6 3.e4 d5 4.exd5 cxd5 5.d4 Nf6 6.Nc3 e6 7.c5 b6 8.cxb6 Nbd7
9.Bd3 Bd6 10.O-O O-O 11.Re1 Qxb6 12.Ne5 Kh8 13.Bc2 Bb7 14.Bg5 Qc7 15.Qe2 
Ne4 16.Nxe4 dxe4 17.Bxe4 Bxe4 18.Qxe4 f5 19.Qe2 Bxe5 20.dxe5 Nb6 21.Rac1 
Qb7 22.Bd2 Nd5 23.b3 Kg8 24.Rc4 Qb5 25.Rec1 a5 26.Kf1 Nb4 27.a4 Qd5 28.
Bxb4 axb4 29.Rd1 Qb7 30.Rd6 Rfd8 31.Rxe6 Qd5 32.Rec6 f4 33.R6c5 f3 34.gxf3
Qe6 35.Kg2 h5 36.Qe4 Ra6 37.Rxb4 Qe7 38.Qc4+ Kh8 39.e6 Rxe6 40.Rxh5+ Rh6 
41.Rxh6+ gxh6 42.Qc3+ Kh7 43.Rg4 h5 44.Qc2+ Kh8 45.Rg6 Rg8 46.Rxg8+ Kxg8 
47.Qg6+ Kf8 48.Qf5+ Kg7 49.Qxh5 1-0

[Event "26th EUR-ch"]
[Site "Katowice POL"]
[Date "2026.04.07"]
[Round "1.19"]
[White "Liskiewicz, Jakub"]
[Black "Santos Latasa, Jaime"]
[Result "0-1"]
[WhiteElo "2280"]
[BlackElo "2610"]
[EventDate "2026.04.07"]
[PlyCount "74"]

1.d4 Nf6 2.c4 e6 3.Nc3 Bb4 4.e3 O-O 5.Bd2 d5 6.Nf3 Re8 7.Rc1 Bf8 8.Bd3 a6 
9.O-O dxc4 10.Bxc4 b5 11.Be2 Bb7 12.Qc2 Nbd7 13.a4 b4 14.Na2 c5 15.dxc5 
Be4 16.Qd1 a5 17.c6 Nc5 18.Bb5 Qd5 19.Bc4 Qxc6 20.Nd4 Qb6 21.b3 Nd3 22.
Bxd3 Bxd3 23.Re1 Be4 24.Qe2 e5 25.Nb5 Rad8 26.Red1 Bd3 27.Qf3 e4 28.Qg3 
Be2 29.Nd4 Bxd1 30.Rxd1 Bd6 31.Qh4 Be5 32.Re1 Bxd4 33.exd4 Qxd4 34.Be3 Qd1
35.f3 Qxb3 36.Nc1 Qxa4 37.Bg5 exf3 0-1

[Event "26th EUR-ch"]
[Site "Katowice POL"]
[Date "2026.04.07"]
[Round "1.20"]
[White "Maurizzi, Marc`Andria"]
[Black "Filindash, Nikita"]
[Result "1-0"]
[WhiteElo "2608"]
[BlackElo "2279"]
[EventDate "2026.04.07"]
[PlyCount "43"]

1.d4 d5 2.Nf3 Nf6 3.Bf4 e6 4.Nbd2 Bd6 5.Bg5 O-O 6.e4 dxe4 7.Nxe4 Be7 8.
Bxf6 Bxf6 9.Qd3 Be7 10.h4 Nd7 11.O-O-O b6 12.Nfg5 h6 13.Kb1 a5 14.f4 a4 
15.Nf2 Nf6 16.Ng4 Re8 17.Nxf6+ Bxf6 18.Qh7+ Kf8 19.Bb5 Bd7 20.d5 Bxb5 21.
dxe6 Bd4 22.Rhe1 1-0

[Event "26th EUR-ch"]
[Site "Katowice POL"]
[Date "2026.04.07"]
[Round "1.21"]
[White "Hryzlova, Sofiia"]
[Black "Muradli, Mahammad"]
[Result "0-1"]
[WhiteElo "2278"]
[BlackElo "2605"]
[EventDate "2026.04.07"]
[PlyCount "158"]

1.e4 c5 2.Nc3 a6 3.g3 g6 4.Nge2 Bg7 5.d4 cxd4 6.Nxd4 d6 7.Bg2 Nf6 8.h3 O-O
9.O-O Nc6 10.Be3 Nd7 11.a4 Nxd4 12.Bxd4 Bxd4 13.Qxd4 b6 14.e5 dxe5 15.Qd5 
Rb8 16.Rad1 Qc7 17.Rfe1 Kg7 18.Qc6 Rb7 19.Rd2 Qb8 20.Qc4 Rc7 21.Qb4 Re8 
22.Nd5 Rc5 23.Qh4 e6 24.Ne7 Nf6 25.b4 Rc3 26.Nc6 Qc7 27.Nxe5 Rxc2 28.Rxc2 
Qxc2 29.Qd4 Qc7 30.Rd1 Kg8 31.Nxg6 e5 32.Qd6 Qxd6 33.Rxd6 hxg6 34.Rxf6 Be6
35.Rf3 Rd8 36.Re3 f6 37.f4 Rd4 38.fxe5 Rxb4 39.exf6 Kf7 40.Rc3 Kxf6 41.a5 
Rb1+ 42.Kf2 Rb2+ 43.Kg1 bxa5 44.Rc6 Ke7 45.Bf1 Rb1 46.Kf2 Kd7 47.Rc3 a4 
48.Bxa6 Kd6 49.Ra3 Rb4 50.Bd3 g5 51.Ke3 Bxh3 52.Bc2 Bd7 53.Kd2 Rd4+ 54.Kc3
Kc5 55.Kb2 Kb4 56.Re3 Bc6 57.Re5 a3+ 58.Kb1 Rg4 59.Re3 Bd5 60.Rd3 Bc4 61.
Re3 Rd4 62.Re8 Rd2 63.Ra8 Rd6 64.Ra4+ Kc3 65.Rxa3+ Kd2 66.Ra4 Rb6+ 67.Ka1 
Bb3 68.Bxb3 Rxb3 69.g4 Ke3 70.Ka2 Rb8 71.Rc4 Kf3 72.Rd4 Rf8 73.Kb2 Rf4 74.
Rd5 Kxg4 75.Kc2 Re4 76.Kd3 Re8 77.Ra5 Kf4 78.Ra4+ Kf3 79.Ra7 Rd8+ 0-1

[Event "26th EUR-ch"]
[Site "Katowice POL"]
[Date "2026.04.07"]
[Round "1.22"]
[White "Lodici, Lorenzo"]
[Black "Velikic, Adela"]
[Result "1-0"]
[WhiteElo "2601"]
[BlackElo "2278"]
[EventDate "2026.04.07"]
[PlyCount "75"]

1.b3 e5 2.Bb2 Nc6 3.c4 Nf6 4.e3 d5 5.cxd5 Nxd5 6.a3 Bd6 7.Qc2 Qe7 8.d3 Bd7
9.Nd2 f5 10.Ngf3 g5 11.Nc4 g4 12.Nfd2 b5 13.Nxd6+ cxd6 14.g3 Rc8 15.Qd1 f4
16.e4 Nd4 17.Rc1 Rxc1 18.Qxc1 O-O 19.exd5 Rc8 20.Qb1 Nc2+ 21.Kd1 Bf5 22.
Ne4 Qf8 23.Nc3 Nd4 24.gxf4 Bd7 25.Ne2 Nxb3 26.Rg1 b4 27.axb4 Qf7 28.Bg2 
exf4 29.Be4 f3 30.Nc1 Ba4 31.Rxg4+ Kf8 32.Nxb3 Bxb3+ 33.Ke1 Bxd5 34.Qd1 
Bxe4 35.Rxe4 Re8 36.Qd2 Rxe4+ 37.dxe4 Ke7 38.Qg5+ 1-0

[Event "26th EUR-ch"]
[Site "Katowice POL"]
[Date "2026.04.07"]
[Round "1.23"]
[White "Szakmary, Domonkos"]
[Black "Rodshtein, Maxim"]
[Result "0-1"]
[WhiteElo "2278"]
[BlackElo "2598"]
[EventDate "2026.04.07"]
[PlyCount "90"]

1.e4 c5 2.Nf3 d6 3.d4 cxd4 4.Nxd4 Nf6 5.Nc3 a6 6.Qd3 Nbd7 7.Be2 g6 8.Bg5 
b5 9.Nd5 Bb7 10.Bxf6 exf6 11.O-O Bg7 12.Qe3 O-O 13.Bf3 Re8 14.Qf4 f5 15.
exf5 Be5 16.Qh6 Bxd4 17.f6 Nxf6 18.Nxf6+ Qxf6 19.Be4 Bc6 20.Bxc6 Rab8 21.
Bf3 Bxb2 22.Rad1 Rbc8 23.Qd2 Be5 24.Bb7 Rc4 25.Bxa6 Qf5 26.Qd5 Rc5 27.Qd3 
Qf4 28.g3 Qa4 29.Bb7 Rc3 30.Qe4 Rxc2 31.f4 Rc4 32.Qf3 Bd4+ 33.Kh1 Rc2 34.
Be4 Rc3 35.Qg2 Re3 36.Bf3 Kg7 37.f5 gxf5 38.Qd2 Bf6 39.Qd5 R8e5 40.Qxd6 
Qxa2 41.Rd2 Qc4 42.Kg2 Be7 43.Qd7 b4 44.Rdf2 b3 45.Bh5 Qe6 0-1

[Event "26th EUR-ch"]
[Site "Katowice POL"]
[Date "2026.04.07"]
[Round "1.24"]
[White "Dardha, Daniel"]
[Black "Szczurek, Krzysztof"]
[Result "1-0"]
[WhiteElo "2596"]
[BlackElo "2273"]
[EventDate "2026.04.07"]
[PlyCount "103"]

1.d4 d5 2.c4 e6 3.Nc3 Be7 4.cxd5 exd5 5.Bf4 c6 6.e3 Bd6 7.Bxd6 Qxd6 8.Bd3 
Ne7 9.Qc2 b6 10.Nf3 Ba6 11.Bxa6 Nxa6 12.O-O O-O 13.Rac1 Nc7 14.Rfd1 Ne6 
15.Rd2 Rfc8 16.h3 Nf8 17.Ne5 Nd7 18.Nxd7 Qxd7 19.Qd1 Qf5 20.Ne2 Rc7 21.
Rdc2 Rac8 22.b4 Qd7 23.Nf4 f6 24.Qf3 Qf5 25.Qe2 Qd7 26.Rc3 Re8 27.a4 c5 
28.bxc5 Qxa4 29.Qg4 f5 30.Qf3 Qd7 31.Qe2 bxc5 32.Rxc5 Rec8 33.Ne6 Rc6 34.
Rxc6 Rxc6 35.Nc5 Qd6 36.Qa2 Rc7 37.Rb1 Nc8 38.Rb5 h6 39.Ra5 f4 40.e4 Nb6 
41.e5 Qe7 42.Qb3 Kh8 43.Ra1 Rc8 44.Qf3 Rf8 45.Ra6 Qf7 46.Qg4 Re8 47.h4 Nc4
48.Ne6 f3 49.Nxg7 Qxg7 50.Rg6 Qf8 51.Qh5 Kh7 52.Rf6 1-0

[Event "26th EUR-ch"]
[Site "Katowice POL"]
[Date "2026.04.07"]
[Round "1.25"]
[White "Jarocka, Liwia"]
[Black "Samunenkov, Ihor"]
[Result "0-1"]
[WhiteElo "2272"]
[BlackElo "2596"]
[EventDate "2026.04.07"]
[PlyCount "114"]

1.e4 c5 2.Nc3 e6 3.Nf3 Nc6 4.d4 cxd4 5.Nxd4 Qc7 6.Be3 a6 7.g4 Nxd4 8.Qxd4 
b5 9.Qd2 Bb7 10.Bf4 d6 11.f3 Nf6 12.O-O-O b4 13.Ne2 Rc8 14.Ng3 Nd7 15.Kb1 
Nb6 16.Be2 e5 17.Be3 Na4 18.h4 Qa5 19.Nf5 d5 20.Ka1 Rd8 21.Bf2 g6 22.Ne3 
dxe4 23.Qxd8+ Qxd8 24.Rxd8+ Kxd8 25.Rd1+ Kc8 26.fxe4 Bc5 27.g5 Bd4 28.Rb1 
Nc5 29.Ng4 Bxe4 30.Bg3 Bxc2 31.Rc1 b3 32.Nxe5 Re8 33.Bg4+ Kb7 34.Bf3+ Kb6 
35.Nc4+ Ka7 36.Na5 Nd3 37.Nc6+ Kb6 38.Nxd4 Nxc1 39.Bd5 Rd8 40.Bxf7 Ne2 41.
Bc7+ Kxc7 42.Ne6+ Kc8 43.Nxd8 Kxd8 44.axb3 Nf4 45.Ka2 Ke7 46.Bc4 Bd3 47.
Ka3 Bxc4 48.bxc4 Kd6 49.b4 Kc6 50.Ka4 Ng2 51.Ka5 Kb7 52.c5 Nxh4 53.c6+ 
Kxc6 54.Kxa6 Nf5 55.b5+ Kc5 56.b6 Nd6 57.Ka7 Nc8+ 0-1

[Event "26th EUR-ch"]
[Site "Katowice POL"]
[Date "2026.04.07"]
[Round "1.26"]
[White "Yuffa, Daniil"]
[Black "Yasmo, Daniil"]
[Result "1/2-1/2"]
[WhiteElo "2595"]
[BlackElo "2271"]
[EventDate "2026.04.07"]
[PlyCount "120"]

1.c4 e5 2.g3 c6 3.Nf3 e4 4.Nd4 d5 5.cxd5 Qxd5 6.Nc2 Nf6 7.Nc3 Qe5 8.Bg2 
Na6 9.a3 Nc5 10.b4 Nb3 11.Rb1 Nxc1 12.Qxc1 Be6 13.Ne3 Rd8 14.O-O h5 15.Qb2
Bd6 16.b5 h4 17.Nxe4 Nxe4 18.Qxe5 Bxe5 19.Bxe4 hxg3 20.hxg3 Rxd2 21.bxc6 
bxc6 22.Bxc6+ Ke7 23.Rb7+ Kf6 24.Bf3 Bd4 25.Nd5+ Bxd5 26.Bxd5 Rxe2 27.
Rxf7+ Kg6 28.Rf4 Rd2 29.Be4+ Kg5 30.Rb1 Bb2 31.Kg2 g6 32.Kf3 Rhd8 33.Rg4+ 
Kf6 34.Rxg6+ Ke7 35.Ke3 Bxa3 36.Rb7+ R8d7 37.Rxd7+ Rxd7 38.f4 a5 39.Bc2 
Bc5+ 40.Ke4 Rd2 41.Bb1 a4 42.g4 Bd6 43.f5 a3 44.Rg7+ Kf6 45.Ra7 Kg5 46.
Rg7+ Kf6 47.Rd7 Bb4 48.Ra7 Re2+ 49.Kf3 Rf2+ 50.Ke4 Re2+ 51.Kd5 Rg2 52.g5+ 
Rxg5 53.Ra6+ Ke7 54.Ke5 Bc3+ 55.Kf4 Rg1 56.Ba2 Rf1+ 57.Ke4 Bb2 58.Bc4 Rf2 
59.Bb3 Rf1 60.Ba2 Re1+ 1/2-1/2

[Event "26th EUR-ch"]
[Site "Katowice POL"]
[Date "2026.04.07"]
[Round "1.27"]
[White "Schoppen, Casper"]
[Black "Karvatskyi, Oleksii"]
[Result "1-0"]
[WhiteElo "2588"]
[BlackElo "2269"]
[EventDate "2026.04.07"]
[PlyCount "47"]

1.d4 d5 2.c4 e6 3.Nc3 Be7 4.cxd5 exd5 5.Bf4 c6 6.e3 Bf5 7.f3 Bg6 8.Bd3 
Bxd3 9.Qxd3 Nf6 10.Nge2 Nbd7 11.e4 dxe4 12.fxe4 Nc5 13.Qf3 Ne6 14.Be3 O-O 
15.O-O b5 16.Rad1 b4 17.d5 cxd5 18.Nxd5 Qe8 19.Ng3 Nd7 20.Nf5 Bc5 21.Bxc5 
Ndxc5 22.Nxg7 Kxg7 23.Qf6+ Kg8 24.Ne7+ 1-0